Mastering advanced pure mathematics (Record no. 50575)

MARC details
000 -LEADER
fixed length control field 00614nam a2200169 a 4500
008 - FIXED-LENGTH DATA ELEMENTS--GENERAL INFORMATION
fixed length control field 080917s1996 ||||||||||||||||| || u
020 ## - INTERNATIONAL STANDARD BOOK NUMBER
International Standard Book Number 0333620496
050 ## - LIBRARY OF CONGRESS CALL NUMBER
Classification number QA 37 Buc
100 ## - MAIN ENTRY--PERSONAL NAME
Personal name Buckwell, Geoff
245 10 - TITLE STATEMENT
Title Mastering advanced pure mathematics
Statement of responsibility, etc. Geoff Buckwell
260 ## - PUBLICATION, DISTRIBUTION, ETC.
Place of publication, distribution, etc. London
Name of publisher, distributor, etc. Palgrave Macmillan
Date of publication, distribution, etc. 1996
300 ## - PHYSICAL DESCRIPTION
Extent x, 381p.; ills.
350 ## - PRICE (NR) (BK AM CF MU VM SE) [OBSOLETE]
Price 98000.00
650 #0 - SUBJECT ADDED ENTRY--TOPICAL TERM
Topical term or geographic name entry element MATHEMATICS--HANDBOOKS, MANUALS, ETC
650 ## - SUBJECT ADDED ENTRY--TOPICAL TERM
Topical term or geographic name entry element MATHEMATICS
995 ## - RECOMMENDATION 995 [LOCAL, UNIMARC FRANCE]
-- 0.00
-- CBU-MAIN LIBRARY (Kitwe)
-- 1
-- 0.00
-- 1
-- DAMAGED
-- Sep 17, 2008
-- Main Library Open Access Collection
Holdings
Withdrawn status Lost status Source of classification or shelving scheme Damaged status Not for loan Home library Current library Shelving location Date acquired Total Checkouts Full call number Barcode Date last seen Price effective from Koha item type
          CBU-MAIN LIBRARY, KITWE. CBU-MAIN LIBRARY, KITWE.   11/30/2022   QA 37 Buc 738572 11/30/2022 11/30/2022 MONOGRAPH